Responses for Show #5211 - Monday, April 16, 2007

Contestants

[<< previous game]

Tricia McKinney, a TV news writer from Secaucus, New Jersey

Ryan Hall, a physics teacher from State College, Pennsylvania

Gin Peck, a computer consultant from Phelps, New York (whose 1-day cash winnings total $28,800)

[next game >>]

Jeopardy! Round responses

AMERICAN GOVERNMENT
BROADWAY ROLES
BORN FIRST
TODAY'S HOROSCOPE
TUNNEL
OF "LOVE"
    $200 6
Education

Gin
    $200 1
Yul Brynner

Tricia
    $200 26
Dr. Louis Pasteur

Ryan
    $200 11
Virgo

Tricia
    $200 16
Russia

Gin
    $200 21
The Love Boat

Ryan
    $400 7
Secretary of State

Ryan
    $400 2
(Alex: And the dame was Dame [*].)

Judi Dench

Triple Stumper
    $400 27
Augustus Caesar

Ryan
    $400 12
Scorpio

Gin
    $400 17
Switzerland

Tricia
    $400 22
foxglove

Gin
    $600 8
(Alex: That's why it's called a [*].)

Conference Committee

Triple Stumper
    $600 3
James Earl Jones

Tricia
    $600 28
Franklin Pierce

Ryan
    $600 13
Aquarius

Tricia
    $1,500 18
Jerusalem

Tricia
    $600 23
cloven

Tricia
    $800 9
the lieutenant governor

Ryan
    $800 4
Roxie

Gin
    $800 29
(Ryan: Who is Arthur Miller?)
...
(Alex: Born in 1907.)

James Michener

GinRyan
    $800 14
Gemini

Ryan
    $800 19
the Chesapeake Bay

Ryan
    $800 24
Love in the Time of Cholera

Tricia
    $1000 10
circuits

Tricia
    $1000 5
Henry Fonda

Tricia
    $1000 30
Jackson Pollock

Triple Stumper
    $1000 15
Capricorn

Tricia
    $1000 20
the Apennines

Ryan
    $1000 25
Slovenia

Tricia

Scores at the first commercial break (after clue 15):

Gin Ryan Tricia
$1,400 $2,000 $4,600

Scores at the end of the Jeopardy! Round:

Gin Ryan Tricia
$2,800 $4,400 $8,900

Double Jeopardy! Round responses

ARCHITECTURE
MUSICAL NOBILITY
LITERARY INSPIRATIONS
ALPHABETICALLY LAST
CHICKS RULE!
NOT QUITE BEFORE & AFTER
    $400 1
penguins

Gin
    $400 17
Elvis Presley

Ryan
    $400 6
Rhett Butler

Gin
    $400 8
Washington

Gin
    $400 10
China

Ryan
    $400 26
(Tricia: What is the Little Rock Ark of the Covenant?)
[Tricia's response ruled acceptable before the Daily Double, the last clue of the round]

Raiders of the Lost Arkansas

RyanTricia
    $800 2
(Ryan: What is Mexico City?)
(Tricia: What is Madrid?)

Rome

RyanTricia
Triple Stumper
    $800 18
Queen Latifah

Ryan
    $800 7
George Eliot

Ryan
    $800 9
(Emile) Zola

Tricia
    $800 22
(Ryan: What is Australia?)

New Zealand

RyanTricia
    $800 27
Bloody Married... with Children

Triple Stumper
    $1200 3
Frank Gehry

Tricia
    $1200 19
Prince

Tricia
    $1200 14
Kissed

Triple Stumper
    $1200 11
ZZ Top

Gin
    $1200 23
the Netherlands

Gin
    $1200 28
Maginot liner notes

Gin
    $1600 4
(Eero) Saarinen

Ryan
    $1600 20
Duke Ellington

Tricia
    $1600 15
(Thomas) Mann

Gin
    $1600 12
Vertigo

Tricia
    $4,000 24
(Corazon) Aquino

Gin
    $1600 29
Menachim Begin the Beguine

Tricia
    $2000 5
Mies van der Rohe

Tricia
    $2000 21
Bessie Smith

Triple Stumper
    $2000 16
Sherwood Anderson

Triple Stumper
    $2000 13
Veterans Affairs

Triple Stumper
    $2000 25
(Gin: What is Finland?)
(Ryan: What is Sweden?)

Norway

GinRyan
Triple Stumper
    $3,000 30
(Tricia: What is I have no idea?)

Cogito Ergo Sum Like It Hot

Tricia

Scores at the end of the Double Jeopardy! Round:

Gin Ryan Tricia
$11,200 $5,200 $16,300

[wagering suggestions for these scores]

Final Jeopardy! Round responses

BEST PICTURE OSCAR WINNERS
(Alex: Filmed right here, when this was the MGM lot.)
RyanWhat is "The King and I"?
$5,199
GinWhat is An American in Paris?
$5,200
TriciaWhat is An American in Paris?
$5,199
An American in Paris

Final scores:

Gin Ryan Tricia
$16,400 $1 $21,499
2nd place: $2,000 3rd place: $1,000 New champion: $21,499

Game dynamics:

Coryat scores:

Gin Ryan Tricia
$8,800 $5,200 $18,400
14 R
(including 1 DD),
1 W
15 R,
4 W
21 R
(including 1 DD),
2 W
(including 1 DD)

Combined Coryat: $32,400

[game clues] [game scores] [suggest correction]

Game tape date: 2007-01-31
The J! Archive is created by fans, for fans. Scraping, republication, monetization, and malicious use prohibited; this site may use cookies and collect identifying information. See terms. The Jeopardy! game show and all elements thereof, including but not limited to copyright and trademark thereto, are the property of Jeopardy Productions, Inc. and are protected under law. This website is not affiliated with, sponsored by, or operated by Jeopardy Productions, Inc. Join the discussion at JBoard.tv.